Comunione e comunità nella chiesa domestica (documento della CEI per l'anno sociale 1981-'82) (Record no. 231015)

MARC details
000 -LEADER
campo di controllo lung. fissa 00741nas a2200229Ia 4500
001 - Numero di controllo
campo di controllo A50/R096-6858 [r000004053]
003 - Identificatore del numero di controllo
campo di controllo IT-MiCISF
005 - Data e orario dell'ultima transazione
campo di controllo 20241130102844.0
008 - Elementi di lunghezza fissa--Informazione generale
campo di controllo lung. fissa 161014c99999999xx |||||||||||| ||und||
040 ## - Fonte della catalogazione
Agenzia catalografica originale IT-MiCISF
Agenzia che fa la trascrizione IT-MiCISF
041 ## - Codice di lingua
Codice di lingua del testo/traccia sonora o titolo separato it
100 ## - Accesso principale -- nome di persona
Nome di persona Conferenza Episcopale Italiana
9 (RLIN) 59339
245 #0 - Formulazione del titolo
Titolo Comunione e comunità nella chiesa domestica (documento della CEI per l'anno sociale 1981-'82)
250 ## - Formulazione di edizione
Formulazione di edizione "Il regno. Documenti", n. 19, 1 novembre
260 ## - Pubblicazione, distribuzione, ecc. (stampa)
Data di pubblicazione, distribuzione, ecc. 1981
300 ## - Descrizione fisica
Estensione pp. 593-601
500 ## - Nota generale
Nota generale magistero, pastorale-familiare, modello-famiglia, trasformazione-famiglia, chiesa-domestica
650 ## - Accesso aggiunto di soggetto--termine topico
Termine topico o nome geografico come accesso Pastorale-familiare
654 ## - Accesso aggiunto di soggetto--termini topici faccettati
Termine principale documento
942 ## - Dati aggiuntivi (Koha)
Tipo copia default (Koha) RIVISTA
Fonte della classificazione o dello schema di collocazione (segnatura) Dewey Decimal Classification
999 ## - Sys Number locale (Koha)
Koha Dewey Subclass [OBSOLETE] Si
Holdings
Ritirato (status) Perso (status) Danneggiato (status) Non per il presito Biblioteca proprietaria Biblioteca in cui si trova Data d'acquisizione Totale prestiti Collocazione Data ultima operazione Prezzo in vigore dal Tipo copia default (Koha) Nota pubblica
    Buone Condizioni Not For Loan CISF - Milano CISF - Milano 14/10/2016   A50/R096-6858 [r000004053] 14/10/2016 14/10/2016 RIVISTA Data import 15.10.2016 / by Epidotti, Vaglietti
CREDITS: SOCIETA' SAN PAOLO Via A.Severo, 58 - ROMA (RM) & PERIODICI SAN PAOLO SRL Via Giotto, 36 MILANO & CISF Via Giotto, 36 MILANO & EDIZIONI SAN PAOLO SRL,  Piazza Soncino, 5 CINISELLO BALSAMO (MI) -- ITALY